[Event "Champ FRA - Under 12"]
[Site "Europe Echecs"]
[Date "2020.07.08"]
[Round "8"]
[White "SemenovSonia"]
[Black "BernardelliTho"]
[Result "0-1"]
[WhiteElo "1193"]
[BlackElo "1079"]
[PlyCount "39"]
[EventDate "2020.??.??"]

1. e4 d5 2. d3 dxe4 3. dxe4 Qxd1+ 4. Kxd1 Be6 5. Nc3 Nc6 6. Bb5 O-O-O+ 7. Bd2
Bg4+ 8. Nf3 Ne5 9. h3 Nxf3 10. gxf3 Bxf3+ 11. Ne2 Bxh1 12. Nf4 Nf6 13. e5 Ne4
14. Ke2 Rxd2+ 15. Kf1 Rxf2+ 16. Ke1 Rxf4 17. Ke2 Rf2+ 18. Ke3 f5 19. Bd3 Rf3+
20. Ke2 {SemenovSonia a abandonné} 0-1

[Event "Champ FRA - Under 12"]
[Site "Europe Echecs"]
[Date "2020.07.08"]
[Round "8"]
[White "PresentLadisla"]
[Black "RenaudinThibau"]
[Result "0-1"]
[WhiteElo "1000"]
[BlackElo "1190"]
[PlyCount "98"]
[EventDate "2020.??.??"]

1. e4 Nf6 2. Nc3 d5 3. d3 dxe4 4. Nxe4 Nxe4 5. dxe4 Qxd1+ 6. Kxd1 e5 7. Nf3 Bg4
8. Be2 Nc6 9. h3 O-O-O+ 10. Bd2 Bh5 11. Kc1 Bc5 12. Kd1 Bxf2 13. Rf1 Be3 14. g4
Bg6 15. Kc1 Bxd2+ 16. Nxd2 Rhf8 17. g5 f6 18. Bg4+ Kb8 19. gxf6 Rxf6 20. Rxf6
gxf6 21. b3 Rd4 22. c3 Rd3 23. Kc2 Rd8 24. Rf1 Rf8 25. h4 h5 26. Bh3 a6 27. Rg1
Rg8 28. Rf1 Rf8 29. Be6 Ne7 30. b4 f5 31. Nf3 fxe4 32. Nxe5 Rxf1 33. Nxg6 Nxg6
34. c4 e3 35. Kd3 Re1 36. b5 Nf4+ 37. Ke4 Nxe6 38. bxa6 bxa6 39. a4 e2 40. Ke5
Rc1 41. Kxe6 e1=Q+ 42. Kd5 Qd1+ 43. Kc5 Kb7 44. a5 Qd3 45. Kb4 Qxc4+ 46. Ka3
Ra1+ 47. Kb2 Qc1+ 48. Kb3 Rb1+ 49. Ka2 Qb2# {PresentLadisla est échec et mat}
0-1

[Event "Champ FRA - Under 12"]
[Site "Europe Echecs"]
[Date "2020.07.08"]
[Round "8"]
[White "CharlierStanis"]
[Black "SemenovVera"]
[Result "1-0"]
[WhiteElo "1187"]
[BlackElo "1069"]
[PlyCount "57"]
[EventDate "2020.??.??"]

1. e4 e5 2. Nf3 Nc6 3. Bc4 Bc5 4. d3 d6 5. Ng5 Nf6 6. Nxf7 Qe7 7. Nxh8 Bg4 8.
f3 Be6 9. Bg5 h6 10. Bh4 g5 11. Bg3 Nd4 12. Bxe6 Qxe6 13. Nc3 Qg8 14. Nd5 Qxh8
15. Nxc7+ Ke7 16. Nxa8 Qxa8 17. Bf2 Ne6 18. Bxc5 dxc5 19. O-O Nh5 20. f4 gxf4
21. Qxh5 f3 22. Rxf3 Nf4 23. Rxf4 exf4 24. Qxh6 Qe8 25. Qxf4 Qh5 26. Qc7+ Ke6
27. Qc8+ Ke5 28. Qxc5+ Ke6 29. Qxh5 {SemenovVera a abandonné} 1-0

[Event "Champ FRA - Under 12"]
[Site "Europe Echecs"]
[Date "2020.07.08"]
[Round "8"]
[White "AllainGaston"]
[Black "DebiasSaidCypr"]
[Result "1-0"]
[WhiteElo "799"]
[BlackElo "1180"]
[PlyCount "45"]
[EventDate "2020.??.??"]

1. c4 c6 2. Nc3 d5 3. cxd5 cxd5 4. g3 e6 5. Bg2 Nf6 6. Nf3 Nc6 7. O-O Bc5 8. d3
h6 9. Na4 Bd4 10. Nxd4 Nxd4 11. Nc3 e5 12. f4 exf4 13. Bxf4 Bg4 14. Qa4+ Nd7
15. Qxd4 O-O 16. Nxd5 Nf6 17. Nxf6+ gxf6 18. Qc3 Qe8 19. Qxf6 Qe3+ 20. Kh1 Qxe2
21. Bxh6 Qxf1+ 22. Rxf1 Rfd8 23. Qg7# {DebiasSaidCypr est échec et mat} 1-0

[Event "Champ FRA - Under 12"]
[Site "Europe Echecs"]
[Date "2020.07.08"]
[Round "8"]
[White "PoyetClemence"]
[Black "GadoisClaire"]
[Result "0-1"]
[WhiteElo "1160"]
[BlackElo "1040"]
[PlyCount "130"]
[EventDate "2020.??.??"]

1. e4 e5 2. Nf3 Nc6 3. Nc3 Nf6 4. Bc4 Bc5 5. O-O O-O 6. d3 d6 7. Bg5 Bg4 8. h3
Bh5 9. a3 Bxf3 10. Qxf3 Nd4 11. Qd1 h6 12. Nd5 hxg5 13. Ne3 Re8 14. c3 Ne6 15.
b4 Bxe3 16. fxe3 d5 17. exd5 Nxd5 18. e4 Ne3 19. Qe1 Nxf1 20. Qxf1 c6 21. d4
exd4 22. cxd4 b5 23. Bb3 Qxd4+ 24. Kh2 Qxe4 25. Re1 Qf4+ 26. Qxf4 Nxf4 27. Rf1
Re2 28. Bd1 Rxg2+ 29. Kh1 Rd8 30. Bf3 Rgd2 31. h4 Ra2 32. h5 Rdd2 33. h6 gxh6
34. Bxc6 Rdc2 35. Be4 Rh2+ 36. Kg1 Rhe2 37. Bf3 Red2 38. Bg4 Rdb2 39. Bh5 Rc2
40. Bd1 Rd2 41. Bb3 Rdb2 42. Bxa2 Rxa2 43. Rd1 Rg2+ 44. Kf1 Rh2 45. Rd8+ Kg7
46. Ra8 Rh1+ 47. Kf2 Nd3+ 48. Kg2 Re1 49. Kf3 Ne5+ 50. Kf2 Rd1 51. Rxa7 Nd3+
52. Ke2 Rg1 53. Kxd3 h5 54. a4 bxa4 55. Rxa4 h4 56. Ra2 h3 57. Ke2 Rg2+ 58. Kd3
Rxa2 59. Kc4 h2 60. b5 h1=Q 61. b6 Rc2+ 62. Kb5 Rb2+ 63. Ka6 Qg2 64. b7 Qxb7+
65. Ka5 Qb5# {PoyetClemence est échec et mat} 0-1

[Event "Champ FRA - Under 12"]
[Site "Europe Echecs"]
[Date "2020.07.08"]
[Round "8"]
[White "AumontDiego"]
[Black "DemaimayOscar"]
[Result "1-0"]
[WhiteElo "999"]
[BlackElo "1141"]
[PlyCount "67"]
[EventDate "2020.??.??"]

1. e4 d6 2. Nf3 f5 3. exf5 Bxf5 4. Bd3 Nc6 5. Bxf5 Nf6 6. Ng5 g6 7. Be6 h6 8.
Nf7 Qb8 9. Nxh8 Nd4 10. Bf7+ Kd8 11. Bxg6 Bg7 12. Nf7+ Ke8 13. Nxd6+ Kd7 14.
Nf5 e6 15. Nxg7 Qg8 16. Be8+ Nxe8 17. Nxe8 Rxe8 18. O-O Qg7 19. c3 Nf5 20. d4
Nh4 21. g3 Nf5 22. Qd3 Rf8 23. c4 Nh4 24. Qe4 Nf3+ 25. Kg2 Ng5 26. Qe3 Rf3 27.
Qe2 Qxd4 28. Be3 Qe4 29. Rd1+ Ke7 30. Bxg5+ hxg5 31. Qxe4 Rf8 32. Re1 Kd8 33.
Qxe6 Re8 34. Qxe8# {DemaimayOscar est échec et mat} 1-0

[Event "Champ FRA - Under 12"]
[Site "Europe Echecs"]
[Date "2020.07.08"]
[Round "8"]
[White "DuboisGabriel"]
[Black "LagrangePereir"]
[Result "1-0"]
[WhiteElo "1124"]
[BlackElo "999"]
[PlyCount "111"]
[EventDate "2020.??.??"]

1. f4 d5 2. Nf3 Nf6 3. e3 Bf5 4. b3 Nc6 5. Bb5 a6 6. Bxc6+ bxc6 7. Bb2 e6 8.
Ne5 Bd6 9. Nxc6 Qd7 10. Ne5 Qd8 11. O-O Ne4 12. h3 Bxe5 13. fxe5 Ng3 14. Rf3
Ne4 15. d3 Nc5 16. Nd2 O-O 17. Ba3 Qe7 18. d4 Qd7 19. Bxc5 Rfe8 20. g4 Be4 21.
Nxe4 dxe4 22. Rf1 Qd8 23. Qd2 Qh4 24. Kh2 f5 25. exf6 gxf6 26. Rf4 f5 27. gxf5
Qf6 28. fxe6 Qxe6 29. Rg1+ Kh8 30. Qg2 Rg8 31. Qxe4 Qxe4 32. Rxe4 Rxg1 33. Kxg1
Rg8+ 34. Rg4 Rxg4+ 35. hxg4 Kg7 36. Kg2 Kg6 37. Kf3 Kg5 38. Be7+ Kg6 39. Kf4
Kf7 40. Bd8 c6 41. e4 a5 42. Bxa5 Ke6 43. c4 Kf6 44. e5+ Ke6 45. a4 Kf7 46. Bd8
Ke6 47. Bf6 Kf7 48. a5 h5 49. gxh5 Ke6 50. h6 c5 51. dxc5 Kf7 52. h7 Kg6 53. a6
Kf7 54. h8=Q Kg6 55. Qg7+ Kh5 56. Qg5# {LagrangePereir est échec et mat} 1-0

[Event "Champ FRA - Under 12"]
[Site "Europe Echecs"]
[Date "2020.07.08"]
[Round "8"]
[White "SubkhanberdinJ"]
[Black "LambertArthur"]
[Result "1-0"]
[WhiteElo "999"]
[BlackElo "1380"]
[PlyCount "121"]
[EventDate "2020.??.??"]

1. e4 e5 2. b4 Nf6 3. Bb2 Bxb4 4. Bd3 Nc6 5. Nc3 Bxc3 6. Bxc3 Nd4 7. Nf3 Nxf3+
8. Qxf3 d6 9. O-O-O Bg4 10. Qg3 Bxd1 11. Rxd1 O-O 12. h4 d5 13. exd5 Nxd5 14.
Bxe5 f6 15. Bd4 b6 16. h5 c5 17. Be3 Nxe3 18. fxe3 h6 19. Qg6 Rf7 20. Qh7+ Kf8
21. Bc4 Rd7 22. Qh8+ Ke7 23. Qxg7+ Kd6 24. Qg3+ Ke7 25. Qg7+ Kd6 26. Qxh6 Kc7
27. Rf1 Rxd2 28. Qf4+ Kc8 29. Be6+ Kb7 30. Qe4+ Ka6 31. Bc4+ b5 32. Qc6+ Qb6
33. Bxb5+ Ka5 34. Qxa8 Qxb5 35. Kxd2 Qxf1 36. Qxa7+ Kb5 37. h6 Qxg2+ 38. Kc3
Qg4 39. a4+ Kc6 40. h7 Qb4+ 41. Kd3 c4+ 42. Ke4 c3+ 43. Kd3 Qd6+ 44. Kxc3 Qe5+
45. Kd2 f5 46. Qa8+ Kc5 47. h8=Q Qd6+ 48. Ke2 f4 49. Qd4+ Qxd4 50. exd4+ Kxd4
51. Qf8 f3+ 52. Kxf3 Kc4 53. Qd6 Kc3 54. Qd5 Kxc2 55. Qd4 Kb3 56. Ke2 Ka2 57.
Qb4 Ka1 58. a5 Ka2 59. a6 Ka1 60. a7 Ka2 61. a8=Q# {LambertArthur est échec
et mat} 1-0

[Event "Champ FRA - Under 12"]
[Site "Europe Echecs"]
[Date "2020.07.08"]
[Round "8"]
[White "FontaineGregor"]
[Black "RoubaudLouisAl"]
[Result "0-1"]
[WhiteElo "1140"]
[BlackElo "1101"]
[PlyCount "50"]
[EventDate "2020.??.??"]

1. d4 d5 2. Bf4 Nf6 3. Nf3 e6 4. e3 c6 5. Nbd2 Bd6 6. Ne5 Qc7 7. Ndf3 Nbd7 8.
Nxd7 Nxd7 9. Bxd6 Qxd6 10. Qd3 f6 11. O-O-O e5 12. dxe5 Nxe5 13. Nxe5 Qxe5 14.
Be2 Bf5 15. Bh5+ g6 16. Qa3 gxh5 17. c4 Rc8 18. cxd5 cxd5+ 19. Kd2 Rc2+ 20. Ke1
Qxb2 21. Qa4+ Bd7 22. Qe4+ Kd8 23. Qxd5 Re2+ 24. Kf1 Rxf2+ 25. Ke1 Qe2# {
FontaineGregor est échec et mat} 0-1

[Event "Champ FRA - Under 12"]
[Site "Europe Echecs"]
[Date "2020.07.08"]
[Round "8"]
[White "GleyzeLalie"]
[Black "YcardFaustine"]
[Result "0-1"]
[WhiteElo "999"]
[BlackElo "1380"]
[PlyCount "32"]
[EventDate "2020.??.??"]

1. b4 e5 2. g4 Nc6 3. Nc3 Nf6 4. Nf3 Bd6 5. Nb5 Bxb4 6. Bb2 O-O 7. g5 Ng4 8. h3
Nxf2 9. Kxf2 Bc5+ 10. Ke1 d5 11. Nxe5 Nxe5 12. Bxe5 Qe8 13. Bxc7 Qxb5 14. Rg1
Bxg1 15. Rb1 Qc5 16. c4 Qf2# {GleyzeLalie est échec et mat} 0-1

[Event "Champ FRA - Under 12"]
[Site "Europe Echecs"]
[Date "2020.07.08"]
[Round "8"]
[White "BonnayTramoniB"]
[Black "SicartAugustin"]
[Result "1-0"]
[WhiteElo "999"]
[BlackElo "999"]
[PlyCount "62"]
[EventDate "2020.??.??"]

1. e4 e5 2. Nf3 Nc6 3. Bc4 d5 4. exd5 Na5 5. Qe2 Bf5 6. b3 Qd6 7. Bb2 O-O-O 8.
d3 e4 9. dxe4 Bxe4 10. Qxe4 Qc5 11. Nbd2 c6 12. dxc6 bxc6 13. O-O-O Bd6 14.
Bxf7 Nf6 15. Qh4 Rhf8 16. b4 Qxb4 17. Bb3 Qb5 18. Qh3+ Kc7 19. Nd4 Qc5 20. Qd3
Ng4 21. Rhf1 Nxh2 22. Rh1 Ng4 23. Ne6+ Kd7 24. Nxc5+ Kc7 25. Ne6+ Kd7 26. Nxf8+
Rxf8 27. Qh3 Rxf2 28. Qxg4+ Ke7 29. Qxg7+ Ke8 30. Rde1+ Kd8 31. Ne4 Rf8 {
SicartAugustin a abandonné} 1-0

[Event "Champ FRA - Under 12"]
[Site "Europe Echecs"]
[Date "2020.07.08"]
[Round "8"]
[White "CayauNolanMael"]
[Black "LetouxneeceTra"]
[Result "0-1"]
[WhiteElo "999"]
[BlackElo "999"]
[PlyCount "20"]
[EventDate "2020.??.??"]

1. e4 e5 2. Bc4 d6 3. Qf3 Nf6 4. Bb5+ Nc6 5. Bxc6+ bxc6 6. Nc3 Bg4 7. Qd3 d5 8.
exd5 cxd5 9. Nxd5 Nxd5 10. Qe3 Nxe3 {CayauNolanMael a abandonné} 0-1

[Event "Champ FRA - Under 12"]
[Site "Europe Echecs"]
[Date "2020.07.08"]
[Round "8"]
[White "GluckPhileas"]
[Black "CabasseLoiseau"]
[Result "1-0"]
[WhiteElo "999"]
[BlackElo "999"]
[PlyCount "79"]
[EventDate "2020.??.??"]

1. e4 e5 2. Nf3 Nc6 3. Bc4 Nf6 4. Nc3 Bc5 5. d3 d6 6. Bg5 Bg4 7. O-O Bxf3 8.
Qxf3 Bd4 9. Bxf6 Qxf6 10. Qxf6 gxf6 11. Rae1 Bxc3 12. bxc3 O-O-O 13. Bxf7 Rdf8
14. Be6+ Kb8 15. Rb1 b6 16. Bd7 Nd8 17. c4 Rf7 18. Bc6 Nxc6 19. a4 Nd4 20. a5
Nxc2 21. axb6 cxb6 22. Rfc1 Nd4 23. c5 dxc5 24. Rc4 Ne6 25. Ra1 Nf4 26. Rca4 a5
27. g3 Nxd3 28. R4a3 Nb4 29. Rd1 Na6 30. Rb1 Kb7 31. Rab3 Kc7 32. Rxb6 Nb4 33.
Rb5 Kc6 34. Rxa5 Nc2 35. Ra6+ Kc7 36. Ra7+ Kd6 37. Rxf7 Ke6 38. Ra7 Nd4 39.
Rb6+ Nc6 40. Rxc6# {CabasseLoiseau est échec et mat} 1-0

[Event "Champ FRA - Under 12"]
[Site "Europe Echecs"]
[Date "2020.07.08"]
[Round "9"]
[White "MateriaMarco"]
[Black "LevannierGouel"]
[Result "1-0"]
[WhiteElo "2269"]
[BlackElo "1659"]
[PlyCount "57"]
[EventDate "2020.??.??"]

1. d4 d5 2. c4 e6 3. Nc3 c5 4. cxd5 exd5 5. Nf3 Nc6 6. g3 Nf6 7. Bg2 Be7 8. O-O
O-O 9. Bg5 c4 10. Ne5 Be6 11. e3 h6 12. Bxf6 Bxf6 13. f4 Ne7 14. b3 Qa5 15. Qe1
Rfd8 16. bxc4 Bxe5 17. fxe5 dxc4 18. Bxb7 Rab8 19. Bg2 Rb2 20. Ne4 Qxe1 21.
Rfxe1 Rxg2+ 22. Kxg2 Bd5 23. Kf3 f6 24. exf6 Rf8 25. Kf4 g5+ 26. Ke5 Bxe4 27.
fxe7 Rf6 28. e8=Q+ Kg7 29. Kxe4 {LevannierGouel a abandonné} 1-0

[Event "Champ FRA - Under 12"]
[Site "Europe Echecs"]
[Date "2020.07.08"]
[Round "9"]
[White "SoyeuxGabriel"]
[Black "BreuilTristan"]
[Result "0-1"]
[WhiteElo "1501"]
[BlackElo "1898"]
[PlyCount "64"]
[EventDate "2020.??.??"]

1. d4 Nf6 2. Bg5 Ne4 3. Bf4 e6 4. e3 b6 5. Nf3 Bb7 6. Nbd2 Nf6 7. Be2 Be7 8.
O-O d6 9. c4 Nh5 10. Bg3 Nd7 11. e4 Nxg3 12. hxg3 c5 13. d5 exd5 14. exd5 Qc7
15. Re1 O-O-O 16. Qa4 Kb8 17. b4 Bf6 18. Rab1 h5 19. bxc5 Nxc5 20. Qb4 h4 21.
gxh4 Bxh4 22. Nxh4 Rxh4 23. g3 Rh6 24. Kg2 Qd7 25. Rh1 Rdh8 26. g4 Qe7 27. Bf3
Nd3 28. Qb3 Rxh1 29. Rxh1 Rxh1 30. Kxh1 Qh4+ 31. Kg2 Qxf2+ 32. Kh3 Nf4# {
SoyeuxGabriel est échec et mat} 0-1

[Event "Champ FRA - Under 12"]
[Site "Europe Echecs"]
[Date "2020.07.08"]
[Round "9"]
[White "PerrouinAlexia"]
[Black "KuhnClement"]
[Result "0-1"]
[WhiteElo "1530"]
[BlackElo "2150"]
[PlyCount "112"]
[EventDate "2020.??.??"]

1. e4 c5 2. Nf3 Nc6 3. d4 cxd4 4. Nxd4 e5 5. Nb5 d6 6. N1c3 a6 7. Na3 b5 8. Nd5
Nge7 9. c4 Nd4 10. Be3 Nxd5 11. cxd5 g6 12. Nc2 Nxc2+ 13. Qxc2 Bd7 14. Be2 Bg7
15. O-O O-O 16. Qd2 f5 17. f3 f4 18. Bf2 g5 19. Qd1 h5 20. b3 Rc8 21. Rc1 Rxc1
22. Qxc1 g4 23. Qe1 Qg5 24. Bh4 Qg6 25. Qf2 Bf6 26. Bxf6 Qxf6 27. Rc1 Rf7 28.
Rc7 Rg7 29. Qa7 Qd8 30. Rb7 Kh7 31. Qxa6 Qc8 32. Qa7 Qc1+ 33. Bf1 gxf3 34. Rxd7
f2+ 35. Kxf2 Qe3+ 36. Qxe3 fxe3+ 37. Kxe3 Rxd7 38. Bxb5 Rb7 39. a4 Kg6 40. h4
Kf6 41. Kd3 Ke7 42. Kc4 Kd8 43. Bc6 Rg7 44. b4 Rxg2 45. b5 Rh2 46. b6 Rxh4 47.
Kd3 Rh3+ 48. Kc4 Ra3 49. Kb5 h4 50. a5 h3 51. a6 h2 52. a7 h1=Q 53. a8=Q+ Rxa8
54. Bxa8 Qxe4 55. Kc6 Qa4+ 56. Kb7 e4 {PerrouinAlexia a abandonné} 0-1

[Event "Champ FRA - Under 12"]
[Site "Europe Echecs"]
[Date "2020.07.08"]
[Round "9"]
[White "ArousstamianAl"]
[Black "DeladerriereAp"]
[Result "0-1"]
[WhiteElo "1510"]
[BlackElo "1702"]
[PlyCount "108"]
[EventDate "2020.??.??"]

1. d4 Nf6 2. Bf4 c5 3. Nc3 cxd4 4. Qxd4 Nc6 5. Qd2 e5 6. Bg3 d5 7. e3 Bb4 8. a3
Bxc3 9. Qxc3 Ne4 10. Qd3 Qa5+ 11. c3 Nxg3 12. hxg3 e4 13. Qd2 Be6 14. Nh3 Bxh3
15. gxh3 O-O-O 16. b4 Qb6 17. O-O-O Ne5 18. Qb2 Kb8 19. Kb1 Qc6 20. Rc1 Rc8 21.
Be2 Rc7 22. Rc2 Rhc8 23. Rhc1 Qf6 24. Bf1 Nd3 25. Bxd3 exd3 26. Rd2 Rxc3 27.
Rxc3 Rxc3 28. g4 Qc6 29. Rd1 Qc4 30. Ka1 f6 31. Rb1 Rc2 32. Qb3 Qxb3 33. Rxb3
d2 34. Rd3 Rc1+ 35. Kb2 d1=Q 36. Rxd1 Rxd1 37. f4 Rd3 38. g5 Rxe3 39. gxf6 gxf6
40. f5 Rxh3 41. b5 Rxa3 42. Kxa3 h5 43. Kb3 h4 44. Kc2 h3 45. Kd2 h2 46. Kd3
h1=Q 47. Kc3 Qe4 48. Kd2 Qf3 49. Kc2 Qe3 50. Kb2 d4 51. Kc2 d3+ 52. Kc3 d2+ 53.
Kc4 d1=Q 54. Kb4 Qdb3+ {ArousstamianAl a abandonné} 0-1

[Event "Champ FRA - Under 12"]
[Site "Europe Echecs"]
[Date "2020.07.08"]
[Round "9"]
[White "CassamChenaiAn"]
[Black "DetrazSamuel"]
[Result "1-0"]
[WhiteElo "1839"]
[BlackElo "1509"]
[PlyCount "59"]
[EventDate "2020.??.??"]

1. d4 d5 2. Nf3 e6 3. e3 c5 4. b3 Nc6 5. Bd3 cxd4 6. exd4 Nf6 7. Bb2 Bd6 8. O-O
O-O 9. Nbd2 Re8 10. Ne5 Qc7 11. f4 Nd7 12. Qe2 Qb6 13. Ndf3 f6 14. Nxc6 bxc6
15. g3 e5 16. fxe5 fxe5 17. Bxh7+ Kxh7 18. Ng5+ Kg6 19. Nf7 Nf6 20. Nxd6 Re7
21. Kh1 Bg4 22. Rxf6+ Kxf6 23. Qxg4 Re6 24. Rf1+ Ke7 25. Rf7+ Kxd6 26. dxe5+
Rxe5 27. Rd7+ Kc5 28. Qd4+ Kb5 29. Qa4+ Kc5 30. Bd4# {DetrazSamuel est échec
et mat} 1-0

[Event "Champ FRA - Under 12"]
[Site "Europe Echecs"]
[Date "2020.07.08"]
[Round "9"]
[White "TrevisiolAntoi"]
[Black "CiarlettaIris"]
[Result "0-1"]
[WhiteElo "1788"]
[BlackElo "1493"]
[PlyCount "138"]
[EventDate "2020.??.??"]

1. d4 Nf6 2. c4 c5 3. d5 b5 4. cxb5 a6 5. Nc3 axb5 6. e4 b4 7. Nb5 d6 8. Bf4 g6
9. Bc4 Bg7 10. Qe2 O-O 11. Nf3 Bg4 12. O-O Nbd7 13. a3 bxa3 14. Rxa3 Rxa3 15.
bxa3 Nb6 16. Bd3 Nh5 17. Be3 Bxf3 18. Qxf3 Nd7 19. Qe2 Ne5 20. Rb1 Qa5 21. Bd2
Qd8 22. f4 Nxd3 23. Qxd3 Qd7 24. h3 Rc8 25. Qc4 Bh6 26. Rf1 Rb8 27. a4 Bg7 28.
Bc3 Ra8 29. Bxg7 Nxg7 30. Rb1 Qb7 31. Nc3 Qa7 32. Kh2 Nh5 33. g3 Ng7 34. Qb5 f5
35. e5 dxe5 36. fxe5 Qc7 37. d6 exd6 38. Nd5 Qf7 39. Qc6 Rf8 40. Rb7 Qe6 41.
Qxd6 Qxd6 42. exd6 Rd8 43. Ne7+ Kf8 44. a5 Rxd6 45. Nc8 Ra6 46. Ra7 Rc6 47. Nb6
c4 48. Rb7 c3 49. a6 c2 50. a7 c1=Q 51. a8=Q+ Ne8 52. Nd7+ Ke7 53. Ne5+ Kf6 54.
Nd7+ Kg5 55. h4+ Kh5 56. Nc5 Qxc5 57. Rxh7+ Kg4 58. Qa4+ Kf3 59. Qd1+ Ke4 60.
Qe2+ Kd5 61. Rd7+ Nd6 62. Qd3+ Ke6 63. Rh7 Qc2+ 64. Qxc2 Rxc2+ 65. Kh3 Ne4 66.
Rh6 Kf6 67. h5 Kg7 68. Rxg6+ Kh7 69. Kh4 Rh2# {TrevisiolAntoi est échec et mat
} 0-1

[Event "Champ FRA - Under 12"]
[Site "Europe Echecs"]
[Date "2020.07.08"]
[Round "9"]
[White "LissillourBapt"]
[Black "PogodallaVicto"]
[Result "1-0"]
[WhiteElo "1731"]
[BlackElo "1458"]
[PlyCount "121"]
[EventDate "2020.??.??"]

1. d4 d5 2. Nf3 Nc6 3. c4 e5 4. cxd5 Qxd5 5. Nc3 Qd8 6. d5 Nb4 7. Nxe5 Bd6 8.
Nc4 Bc5 9. e4 Nf6 10. Be2 O-O 11. O-O Re8 12. Bf3 b6 13. e5 Nd7 14. e6 fxe6 15.
dxe6 Ba6 16. exd7 Re7 17. Bxa8 Bxc4 18. Re1 Rxd7 19. Qf3 Nc2 20. Bg5 Qc8 21.
Bc6 Nxe1 22. Rxe1 Rf7 23. Re8+ Qxe8 24. Bxe8 Rxf3 25. gxf3 Kf8 26. Bc6 Kf7 27.
Be3 Bd6 28. Bd5+ Bxd5 29. Nxd5 Ke6 30. Nc3 c5 31. Ne4 Be5 32. b3 Kf5 33. h3 Bd4
34. Bxd4 cxd4 35. Kf1 Kf4 36. Ke2 d3+ 37. Kxd3 Kxf3 38. Ng5+ Kxf2 39. Nxh7 Kg3
40. Ng5 Kh4 41. Ne6 Kxh3 42. Nxg7 Kg4 43. Kc4 Kf4 44. Kb5 Ke5 45. Ka6 Kd5 46.
Kxa7 Kc6 47. Ne6 Kb5 48. a4+ Kc6 49. Nd4+ Kc5 50. Kb7 Kxd4 51. Kxb6 Kc3 52. a5
Kxb3 53. a6 Kb4 54. a7 Kc4 55. a8=Q Kb4 56. Qd5 Kc3 57. Kc5 Kc2 58. Kc4 Kb2 59.
Qg2+ Ka3 60. Qf2 Ka4 61. Qa2# {PogodallaVicto est échec et mat} 1-0

[Event "Champ FRA - Under 12"]
[Site "Europe Echecs"]
[Date "2020.07.08"]
[Round "9"]
[White "KassabChadi"]
[Black "DurandBenmouss"]
[Result "1-0"]
[WhiteElo "1659"]
[BlackElo "1558"]
[PlyCount "81"]
[EventDate "2020.??.??"]

1. e4 e6 2. d4 d5 3. e5 c5 4. c3 Nc6 5. Nf3 Qb6 6. a3 c4 7. Nbd2 Na5 8. Be2 Bd7
9. O-O Ne7 10. h3 h6 11. Re1 Qc7 12. Nf1 Nc8 13. Ne3 Nb6 14. Bf1 O-O-O 15. Bd2
Ba4 16. Qe2 Nb3 17. Rab1 g5 18. Ng4 Be7 19. Ne3 h5 20. Nh2 Rdg8 21. Qf3 Nxd2
22. Qxf7 Nxb1 23. Qxe6+ Kb8 24. Rxb1 Bb5 25. Nxd5 Nxd5 26. Qxd5 Qc6 27. Qxc6
Bxc6 28. Bxc4 Rf8 29. d5 b5 30. Bb3 Bb7 31. d6 Bd8 32. e6 Bb6 33. Nf3 Bd5 34.
Bxd5 g4 35. e7 Rf4 36. Nd4 Bxd4 37. cxd4 Rxd4 38. d7 Rxd5 39. e8=Q+ Rxe8 40.
dxe8=Q+ Kb7 41. Qe4 {DurandBenmouss a abandonné} 1-0

[Event "Champ FRA - Under 12"]
[Site "Europe Echecs"]
[Date "2020.07.08"]
[Round "9"]
[White "DruonThibault"]
[Black "BerthouJules"]
[Result "1-0"]
[WhiteElo "1644"]
[BlackElo "1390"]
[PlyCount "45"]
[EventDate "2020.??.??"]

1. d4 f5 2. c4 Nf6 3. Nc3 g6 4. h4 Bg7 5. h5 d6 6. h6 Bf8 7. Bg5 Nc6 8. f3 e5
9. d5 Nb8 10. e4 c6 11. Qd2 Be7 12. O-O-O Qb6 13. Bxf6 Bxf6 14. dxc6 Qxc6 15.
Qxd6 Bg5+ 16. Kb1 Bd7 17. Qxe5+ Qe6 18. Qxh8+ Ke7 19. Nd5+ Kf7 20. Qg7+ Ke8 21.
Nc7+ Kd8 22. Nxe6+ Ke8 23. Qf8# {BerthouJules est échec et mat} 1-0

[Event "Champ FRA - Under 12"]
[Site "Europe Echecs"]
[Date "2020.07.08"]
[Round "9"]
[White "AuribaultLouis"]
[Black "LeNeindreYael"]
[Result "1-0"]
[WhiteElo "1618"]
[BlackElo "1258"]
[PlyCount "53"]
[EventDate "2020.??.??"]

1. e4 e5 2. Nf3 Nf6 3. Nxe5 d6 4. Nf3 Nxe4 5. c4 Nc6 6. Nc3 Nf6 7. d4 d5 8. Bd3
Be7 9. O-O O-O 10. h3 h6 11. Bf4 Re8 12. Re1 Be6 13. b3 Bb4 14. Qd2 dxc4 15.
bxc4 Nxd4 16. Nxd4 Qxd4 17. Bh7+ Kxh7 18. Qxd4 Rad8 19. Qe3 Bxc4 20. Qc1 Rxe1+
21. Qxe1 Nd5 22. Qe4+ g6 23. Qxc4 Bxc3 24. Rd1 Ne3 25. Qxf7+ Bg7 26. Rxd8 Nf5
27. Qg8# {LeNeindreYael est échec et mat} 1-0

[Event "Champ FRA - Under 12"]
[Site "Europe Echecs"]
[Date "2020.07.08"]
[Round "9"]
[White "FrelauMatthias"]
[Black "BaudouinMoise"]
[Result "1-0"]
[WhiteElo "1592"]
[BlackElo "1135"]
[PlyCount "139"]
[EventDate "2020.??.??"]

1. d4 e6 2. Nf3 d5 3. Bf4 c5 4. e3 Nc6 5. c3 Bd7 6. Bd3 Nf6 7. Nbd2 Be7 8. Ne5
Nxe5 9. dxe5 Ng8 10. Qg4 g5 11. Bg3 h5 12. Qf3 h4 13. e4 hxg3 14. fxg3 dxe4 15.
Bxe4 Qc7 16. O-O f5 17. exf6 Nxf6 18. Rad1 e5 19. Nc4 Bg4 20. Qe3 Bxd1 21. Bg6+
Kd8 22. Rxd1+ Nd7 23. Nxe5 Bd6 24. Rxd6 Qxd6 25. Nf7+ Kc7 26. Nxd6 Kxd6 27.
Qxg5 Rhg8 28. Qf4+ Ke7 29. Qe4+ Kf6 30. Qxb7 Kxg6 31. Qxd7 Rae8 32. Qd6+ Kh7
33. Qxc5 Rgf8 34. Qxa7+ Kg8 35. h3 Re1+ 36. Kh2 Rff1 37. g4 Rh1+ 38. Kg3 Re2
39. Qa8+ Kf7 40. Qb7+ Re7 41. Qf3+ Ke8 42. a4 Rhe1 43. Qc6+ Kf8 44. a5 R1e3+
45. Kh2 R3e6 46. Qa8+ Re8 47. Qf3+ Kg7 48. a6 Rxa6 49. Qb7+ Kf8 50. Qxa6 Re7
51. Qc8+ Re8 52. Qxe8+ Kxe8 53. b4 Kd7 54. Kg3 Kd6 55. g5 Ke6 56. b5 Kf5 57. b6
Kxg5 58. b7 Kf5 59. b8=Q Ke4 60. Qd8 Ke5 61. Qd4+ Ke6 62. c4 Kf5 63. c5 Kg5 64.
Qe5+ Kg6 65. c6 Kf7 66. Qd6 Kg7 67. c7 Kf7 68. c8=Q Kg7 69. Qcc7+ Kg8 70. Qdd8#
{BaudouinMoise est échec et mat} 1-0

[Event "Champ FRA - Under 12"]
[Site "Europe Echecs"]
[Date "2020.07.08"]
[Round "9"]
[White "ValleeLouis"]
[Black "LeroySerge"]
[Result "1-0"]
[WhiteElo "1864"]
[BlackElo "1291"]
[PlyCount "87"]
[EventDate "2020.??.??"]

1. d4 e6 2. c4 d5 3. Nc3 c6 4. e4 dxe4 5. Nxe4 Bb4+ 6. Nc3 Nf6 7. Nf3 O-O 8.
Bd3 Nbd7 9. O-O Re8 10. Qc2 h6 11. a3 Bd6 12. b4 a5 13. b5 Qc7 14. c5 Bf8 15.
b6 Qd8 16. Ne4 Nxe4 17. Bxe4 Nf6 18. Bd3 Qd5 19. a4 Rd8 20. Bd2 Bxc5 21. Bc4
Qe4 22. Qxe4 Nxe4 23. dxc5 Nxd2 24. Nxd2 Rxd2 25. Rfd1 Rxd1+ 26. Rxd1 Kf8 27.
Rd8+ Ke7 28. Rg8 g6 29. Rh8 h5 30. Kf1 Kf6 31. Ke2 Kg7 32. Rd8 e5 33. Ke3 e4
34. Kf4 f6 35. Rg8+ Kh6 36. h3 g5+ 37. Kxe4 f5+ 38. Ke5 g4 39. Kd6 f4 40. hxg4
hxg4 41. Kc7 Be6 42. Bxe6 Rxg8 43. Bxg8 f3 44. g3 {LeroySerge a abandonné} 1-0

[Event "Champ FRA - Under 12"]
[Site "Europe Echecs"]
[Date "2020.07.08"]
[Round "9"]
[White "NegreEmilie"]
[Black "GeronimiJeanTh"]
[Result "0-1"]
[WhiteElo "1438"]
[BlackElo "1827"]
[PlyCount "114"]
[EventDate "2020.??.??"]

1. d4 Nf6 2. Nf3 e6 3. g3 b6 4. Bg2 Bb7 5. O-O Be7 6. c4 O-O 7. Nc3 d5 8. cxd5
exd5 9. Nd2 Bb4 10. a3 Bxc3 11. bxc3 c5 12. dxc5 bxc5 13. c4 Bc6 14. cxd5 Bxd5
15. Bxd5 Qxd5 16. Nf3 Nc6 17. Qxd5 Nxd5 18. Bb2 Rab8 19. Be5 Nxe5 20. Nxe5 Rfe8
21. Nd7 Rbc8 22. Rac1 c4 23. e3 Rc7 24. e4 Nb6 25. Nxb6 axb6 26. f3 Ra8 27. Rb1
Rc6 28. Ra1 c3 29. Rfc1 b5 30. Kf2 Kf8 31. Ke3 Ke7 32. Rab1 Rc5 33. Kd4 Rc4+
34. Kd3 Rd8+ 35. Ke3 Rc5 36. f4 c2 37. Rb2 Rc3+ 38. Ke2 Rxa3 39. Rcxc2 Rb8 40.
Rc5 b4 41. Rc4 b3 42. Rc3 Ra2 43. Rxa2 bxa2 44. Ra3 Rb2+ 45. Kf3 Rxh2 46. Kg4
Kd6 47. Ra5 Kc6 48. Kf3 Kb6 49. Ra3 Kb5 50. Ke3 Kb4 51. Ra8 Kb3 52. Rb8+ Kc2
53. Rc8+ Kb1 54. Rb8+ Rb2 55. Ra8 a1=Q 56. Rxa1+ Kxa1 57. Kd4 Rg2 {NegreEmilie
a abandonné} 0-1